000
00235 a2200097 4500
001
23995
100
_a
Ivakhnenko, A.G
245
_a
Cybernetics and forecasting techniques
260
_a
_b
American Elsvier
_c
1967
090
_c
16237
_d
16237
942
_a
NUST-CAE
_c
M
_c
6933
999
_c
259068
_d
259068